000 00751cab a2200241 4500
001 WB3333-40
008 090401t1997 xxu||||| |||| 00| 0 eng d
035 _a(Sirsi) u80344
041 _aeng
245 _aLandlord fined
260 _c1997
350 _a0
490 _aTimes
_v19 August 1997, 4(1)
520 _aA landlord and a gas fitter have been fined for causing the death of a student by carbon monoxide poisoning from a faulty boiler.
650 _aCARBON MONOXIDE POISONING
650 _aCARBON MONOXIDE
650 _aCO GAS
650 _aGAS APPLIANCES
650 _aRENTED ACCOMMODATION
690 _aPROPERTY-RESIDENTIAL PROPERTY-RESIDENTIAL LANDLORD AND TENANT-RESIDENTIAL TENANCIES
942 _n0
948 _c19/08/1997
999 _c50602
_d50602